La Revue de l'Enseignement des Sciences

Elmentve itt :
Bibliográfiai részletek
Szerző: Goldziher Károly
Dokumentumtípus: Cikk
Megjelent: 1907
Sorozat:Magyar pedagógia : a Magyar Tudományos Akadémia Pedagógiai Bizottságának folyóirata 16
Kulcsszavak:Oktatásügy Franciaország 1907, Lapszemle
Online Access:http://misc.bibl.u-szeged.hu/8338
LEADER 00681nab a2200181 i 4500
001 misc8338
005 20191106143917.0
008 170607s1907 hu o 0|| hun d
022 |a 0025-0260 
040 |a SZTE Miscellanea Repozitórium  |b hun 
041 |a hun 
100 1 |a Goldziher Károly 
245 1 3 |a La Revue de l'Enseignement des Sciences  |h [elektronikus dokumentum] /  |c  Goldziher Károly 
260 |c 1907 
300 |a 503-506 
490 0 |a Magyar pedagógia : a Magyar Tudományos Akadémia Pedagógiai Bizottságának folyóirata  |v 16 
695 |a Oktatásügy Franciaország 1907, Lapszemle 
856 4 0 |u http://misc.bibl.u-szeged.hu/8338/1/mp_1907_1236_503-506.pdf  |z Dokumentum-elérés